[Event "CZE-chT2D 1415"]
[Site "Czech Republic"]
[Date "2015.03.15"]
[Round "9.2"]
[White "Zeinert, Michal"]
[Black "Kozusek, Daniel"]
[Result "0-1"]
[WhiteElo "2118"]
[BlackElo "2217"]
[PlyCount "50"]
[EventDate "2014.11.02"]
[EventType "team-tourn"]
[EventRounds "11"]
[EventCountry "CZE"]
[SourceTitle "EXT 2022"]
[Source "ChessBase"]
[SourceDate "2021.10.06"]
[SourceVersion "1"]
[SourceVersionDate "2021.10.06"]
[SourceQuality "1"]
[WhiteTeam "Usti nad Orlici"]
[BlackTeam "Jicin II"]
[WhiteTeamCountry "CZE"]
[BlackTeamCountry "CZE"]

1. c4 e5 2. Nc3 Nf6 3. g3 d5 4. cxd5 Nxd5 5. Nf3 Nc6 6. Bg2 Nb6 7. 0-0 Be7 8. d3 0-0 9. a3 Be6 10. b4 a5 11. b5 Nd4 12. Nxd4 exd4 13. Ne4 a4 14. Bf4 Nd5 15. Qc1 Nxf4 16. gxf4 Ra5 17. Nc5 Bxc5 18. Qxc5 c6 19. Qb4 Rxb5 20. Qxa4 Rh5 21. Bf3 Rh6 22. Rfb1 Qh4 23. Qxd4 Bg4 24. Qe4 Qxh2+ 25. Kf1 Re6 0-1

[Event "CZE-chT2D 1415"]
[Site "Czech Republic"]
[Date "2014.11.30"]
[Round "3.1"]
[White "Jirasek, Pavel"]
[Black "Zeinert, Michal"]
[Result "1-0"]
[WhiteElo "2302"]
[BlackElo "2118"]
[PlyCount "91"]
[EventDate "2014.11.02"]
[EventType "team-tourn"]
[EventRounds "11"]
[EventCountry "CZE"]
[SourceTitle "EXT 2022"]
[Source "ChessBase"]
[SourceDate "2021.10.06"]
[SourceVersion "1"]
[SourceVersionDate "2021.10.06"]
[SourceQuality "1"]
[WhiteTeam "Lipa ZVU Engineering"]
[BlackTeam "Usti nad Orlici"]
[WhiteTeamCountry "CZE"]
[BlackTeamCountry "CZE"]

1. e4 c5 2. Nf3 e6 3. c3 Nf6 4. e5 Nd5 5. d4 cxd4 6. cxd4 b6 7. Nc3 Nxc3 8. bxc3 Qc7 9. Bd2 d6 10. Be2 Nd7 11. exd6 Bxd6 12. 0-0 0-0 13. h3 Bb7 14. a4 e5 15. a5 e4 16. Nh4 f5 17. Qb3+ Kh8 18. axb6 axb6 19. Rxa8 Bxa8 20. Qe6 Bh2+ 21. Kh1 Bf4 22. Be3 Qd6 23. Bc4 b5 24. Nxf5 Qxe6 25. Bxe6 Bxe3 26. fxe3 Nb6 27. Rb1 Bd5 28. Bxd5 Nxd5 29. Rxb5 Nxc3 30. Re5 g6 31. Nd6 Rf1+ 32. Kh2 Re1 33. Nc4 Kg7 34. g4 h6 35. h4 Kf8 36. d5 Rd1 37. d6 Kf7 38. Kg3 Ne2+ 39. Kf2 Nc3 40. g5 hxg5 41. hxg5 Rd5 42. Re7+ Kf8 43. Re6 Kf7 44. Rf6+ Kg7 45. Nb6 Rxg5 46. d7 1-0

[Event "CZE-chT2D 1314"]
[Site "Czech Republic"]
[Date "2013.11.03"]
[Round "1.3"]
[White "Bujnoch, Radek"]
[Black "Zeinert, Michal"]
[Result "1-0"]
[WhiteElo "2240"]
[BlackElo "2131"]
[PlyCount "125"]
[EventDate "2013.11.03"]
[EventType "team-tourn"]
[EventRounds "11"]
[EventCountry "CZE"]
[SourceTitle "EXT 2016"]
[Source "ChessBase"]
[SourceDate "2015.10.08"]
[SourceVersion "1"]
[SourceVersionDate "2015.10.08"]
[SourceQuality "1"]
[WhiteTeam "Polabiny III"]
[BlackTeam "Usti nad Orlici"]
[WhiteTeamCountry "CZE"]
[BlackTeamCountry "CZE"]

1. e4 c5 2. c3 Nf6 3. e5 Nd5 4. Bc4 Nb6 5. Bb3 c4 6. Bc2 Nc6 7. Nf3 Qc7 8. Qe2 g5 9. e6 dxe6 10. Nxg5 Qe5 11. d4 cxd3 12. Bxd3 Qxe2+ 13. Bxe2 h6 14. Nf3 e5 15. 0-0 Bd7 16. Nbd2 0-0-0 17. Nc4 Nxc4 18. Bxc4 e4 19. Ne1 Ne5 20. Be2 Bc6 21. f3 exf3 22. Nxf3 Nxf3+ 23. Bxf3 Bxf3 24. Rxf3 Rd1+ 25. Rf1 Rxf1+ 26. Kxf1 e6 27. Be3 Bd6 28. Bxa7 Bxh2 29. a4 h5 30. a5 Kc7 31. b4 h4 32. Rd1 Kc8 33. Rd4 Be5 34. Re4 f6 35. Ke2 h3 36. gxh3 Rxh3 37. Be3 Kd7 38. Kd3 Kd6 39. Kc4 Kd7 40. b5 Bd6 41. Bc5 Bxc5 42. Kxc5 Rxc3+ 43. Kb6 Ra3 44. Rh4 e5 45. Rh7+ Kd6 46. Rxb7 e4 47. Rb8 e3 48. a6 f5 49. Rf8 Ke5 50. a7 f4 51. Kb7 Ke4 52. b6 e2 53. a8Q Rxa8 54. Kxa8 Kf3 55. Re8 Kf2 56. b7 e1Q 57. Rxe1 Kxe1 58. b8Q f3 59. Qb4+ Kf1 60. Qc4+ Kg1 61. Qg4+ Kf2 62. Kb7 Ke3 63. Qc4 1-0

[Event "CZE-chT2D 1213"]
[Site "Czech Republic"]
[Date "2012.11.18"]
[Round "3.2"]
[White "Zeinert, Michal"]
[Black "Varejcko, Josef"]
[Result "0-1"]
[WhiteElo "2134"]
[BlackElo "2237"]
[PlyCount "46"]
[EventDate "2012.10.14"]
[EventType "team-tourn"]
[EventRounds "11"]
[EventCountry "CZE"]
[SourceTitle "EXT 2016"]
[Source "ChessBase"]
[SourceDate "2015.10.08"]
[SourceVersion "1"]
[SourceVersionDate "2015.10.08"]
[SourceQuality "1"]
[WhiteTeam "Usti nad Orlici"]
[BlackTeam "Vysoke Myto"]
[WhiteTeamCountry "CZE"]
[BlackTeamCountry "CZE"]

1. c4 g6 2. Nc3 Bg7 3. g3 e5 4. Bg2 c6 5. d3 Ne7 6. e4 0-0 7. Nge2 d6 8. 0-0 Be6 9. Qb3 b5 10. Rd1 a5 11. a3 Nd7 12. Qc2 Nc5 13. Be3 a4 14. Rab1 Qa5 15. f4 Rfd8 16. fxe5 bxc4 17. d4 Nd3 18. exd6 Rxd6 19. e5 Rd7 20. Ne4 Nf5 21. Bd2 Qb6 22. Nf6+ Bxf6 23. exf6 Nxd4 0-1

[Event "CZE-chT2D 1112"]
[Site "Czech Republic"]
[Date "2012.02.19"]
[Round "8.3"]
[White "Zeinert, Michal"]
[Black "Pirklova, Hana"]
[Result "1/2-1/2"]
[WhiteElo "2148"]
[BlackElo "2107"]
[PlyCount "94"]
[EventDate "2011.10.09"]
[EventType "team-tourn"]
[EventRounds "11"]
[EventCountry "CZE"]
[SourceTitle "EXT 2013"]
[Source "ChessBase"]
[SourceDate "2012.11.22"]
[SourceVersion "1"]
[SourceVersionDate "2012.11.22"]
[SourceQuality "1"]
[WhiteTeam "Usti nad Orlici"]
[BlackTeam "Rychnov nad Kneznou"]
[WhiteTeamCountry "CZE"]
[BlackTeamCountry "CZE"]

1. c4 Nf6 2. Nc3 g6 3. g3 Bg7 4. Bg2 0-0 5. d3 c6 6. e4 d6 7. Nge2 e5 8. 0-0 Be6 9. h3 Qd7 10. Kh2 d5 11. cxd5 cxd5 12. f4 Nc6 13. fxe5 Nxe5 14. d4 Nc6 15. Rxf6 Bxf6 16. exd5 Rad8 17. dxe6 fxe6 18. d5 exd5 19. Qxd5+ Kh8 20. Qxd7 Rxd7 21. Bh6 Bg7 22. Bxg7+ Kxg7 23. Ne4 Re7 24. N2c3 Nb4 25. Rd1 Nc2 26. Rd2 Ne3 27. Re2 Nxg2 28. Kxg2 Rfe8 29. Kf3 Rf8+ 30. Kg2 Rfe8 31. a3 a6 32. Kf3 Rf8+ 33. Ke3 Rfe8 34. Kd4 Rd7+ 35. Nd5 Red8 36. Nec3 Rf8 37. Rd2 Rf3 38. Ne4 Rf5 39. Kc4 Re5 40. Nec3 Re8 41. Kd4 Rc8 42. Re2 Rcd8 43. Re6 Rf8 44. Re3 Rf2 45. b4 Rf1 46. Kc5 Rf5 47. g4 Rf8 1/2-1/2

[Event "CZE-chT2D 1112"]
[Site "Czech Republic"]
[Date "2011.12.04"]
[Round "4.4"]
[White "Vesely, Jaromir"]
[Black "Zeinert, Michal"]
[Result "0-1"]
[WhiteElo "1979"]
[BlackElo "2148"]
[PlyCount "84"]
[EventDate "2011.10.09"]
[EventType "team-tourn"]
[EventRounds "11"]
[EventCountry "CZE"]
[SourceTitle "EXT 2013"]
[Source "ChessBase"]
[SourceDate "2012.11.22"]
[SourceVersion "1"]
[SourceVersionDate "2012.11.22"]
[SourceQuality "1"]
[WhiteTeam "Brno Lokomotiva"]
[BlackTeam "Usti nad Orlici"]
[WhiteTeamCountry "CZE"]
[BlackTeamCountry "CZE"]

1. c4 e5 2. a3 Nf6 3. d3 g6 4. g3 Bg7 5. Bg2 0-0 6. Nf3 d6 7. Nc3 Nc6 8. Bd2 h6 9. b4 Be6 10. 0-0 Qd7 11. Re1 Bh3 12. Bh1 Nh5 13. b5 Nd8 14. e4 Ne6 15. Be3 Nd4 16. Bxd4 exd4 17. Ne2 Bg4 18. Qd2 f5 19. Nh4 fxe4 20. Bxe4 g5 21. f3 gxh4 22. fxg4 Qxg4 23. Bxb7 Rae8 24. Be4 hxg3 25. Nxg3 Nxg3 26. hxg3 Re5 27. Rf1 Qxg3+ 28. Bg2 Rxf1+ 29. Rxf1 Re3 30. Qf2 Qxf2+ 31. Rxf2 Rxd3 32. Bd5+ Kh8 33. a4 Ra3 34. Rf7 d3 35. Rxc7 Bd4+ 36. Kf1 Rxa4 37. Rc8+ Kg7 38. Rc7+ Kf6 39. Rf7+ Kg5 40. Be4 Ra1+ 41. Kg2 d2 42. Rf5+ Kg4 0-1

[Event "CZE-chT2C 0809"]
[Site "Czech Republic"]
[Date "2008.12.07"]
[Round "4.2"]
[White "Zeinert, Michal"]
[Black "Chalupa, Ivan"]
[Result "1-0"]
[WhiteElo "2126"]
[BlackElo "2170"]
[PlyCount "71"]
[EventDate "2008.10.12"]
[EventType "team-tourn"]
[EventRounds "11"]
[EventCountry "CZE"]
[SourceTitle "EXT 2010"]
[Source "ChessBase"]
[SourceDate "2010.11.25"]
[SourceVersion "1"]
[SourceVersionDate "2010.11.25"]
[SourceQuality "1"]
[WhiteTeam "Rapid"]
[BlackTeam "Vysehrad III"]
[WhiteTeamCountry "CZE"]
[BlackTeamCountry "CZE"]

1. c4 b6 2. Nc3 Bb7 3. e4 c5 4. Nf3 d6 5. g3 Nf6 6. d3 e6 7. Bg2 Be7 8. 0-0 0-0 9. Ne1 Nc6 10. f4 Qc7 11. g4 Nd4 12. g5 Nd7 13. Nf3 a6 14. Be3 Nxf3+ 15. Rxf3 b5 16. Rh3 Rfe8 17. Qh5 Nf8 18. Rf1 b4 19. Ne2 f5 20. gxf6 Bxf6 21. b3 a5 22. d4 g6 23. Qg4 Bg7 24. d5 exd5 25. cxd5 Kh8 26. f5 gxf5 27. exf5 Bf6 28. Nf4 Rxe3 29. Rxe3 Bd4 30. Rfe1 Qf7 31. Kh1 Bxe3 32. Rxe3 Nd7 33. Ng6+ hxg6 34. fxg6 Qg7 35. Rh3+ Kg8 36. Qe6+ 1-0

[Event "CZE-chT2c 0607"]
[Site "Czech Republic"]
[Date "2007.03.25"]
[Round "10.4"]
[White "Zeinert, Michal"]
[Black "Kolar, Pavel"]
[Result "1/2-1/2"]
[WhiteElo "2146"]
[BlackElo "2161"]
[PlyCount "129"]
[EventDate "2006.10.15"]
[EventType "team"]
[EventRounds "11"]
[EventCountry "CZE"]
[SourceTitle "EXT 2008"]
[Source "ChessBase"]
[SourceDate "2007.11.25"]
[SourceVersion "1"]
[SourceVersionDate "2007.11.25"]
[SourceQuality "1"]
[WhiteTeam "AVE Kontakt"]
[BlackTeam "Lysa nad Labem"]
[WhiteTeamCountry "CZE"]
[BlackTeamCountry "CZE"]

1. c4 e6 2. Nf3 d5 3. g3 c6 4. b3 f5 5. Bb2 Nf6 6. Bg2 Bd6 7. 0-0 0-0 8. d3 Nbd7 9. Nbd2 Qe8 10. Qc2 f4 11. e4 fxe3 12. fxe3 Ng4 13. Rae1 Qg6 14. e4 Qh6 15. exd5 exd5 16. cxd5 Ne3 17. Qc3 Nxd5 18. Qc1 Bb4 19. a3 Ba5 20. b4 Bb6+ 21. Kh1 N7f6 22. Ne4 Nxe4 23. Qxh6 Nxg3+ 24. hxg3 gxh6 25. Nd2 Bf5 26. Bxd5+ cxd5 27. Re7 d4 28. Rf4 Bxd3 29. Rg4+ Bg6 30. Bxd4 Bxd4 31. Rxd4 Rf7 32. Rxf7 Kxf7 33. Nc4 Ke7 34. Kg2 Rc8 35. a4 b6 36. Kf3 Bf7 37. Ne5 Be6 38. b5 Rc3+ 39. Kf4 Kf6 40. Ng4+ Bxg4 41. Kxg4 Ke5 42. Rf4 Re3 43. Rf5+ Ke6 44. Rf4 Kd5 45. a5 bxa5 46. Rf7 Kc5 47. Rxa7 Kxb5 48. Rxh7 Re6 49. Kf5 Rb6 50. Ke4 Kb4 51. Kd3 Kb3 52. Kd2 Rc6 53. Rb7+ Ka3 54. Ra7 a4 55. Rb7 Rg6 56. Rh7 Rxg3 57. Rxh6 Kb2 58. Rb6+ Rb3 59. Rc6 Rb5 60. Rc2+ Kb1 61. Rc1+ Ka2 62. Rc3 Rb3 63. Rc2+ Rb2 64. Kc1 a3 65. Rc7 1/2-1/2

[Event "CZE-chT2c 0607"]
[Site "Czech Republic"]
[Date "2007.03.11"]
[Round "9.4"]
[White "Vichnar, David"]
[Black "Zeinert, Michal"]
[Result "1/2-1/2"]
[WhiteElo "2137"]
[BlackElo "2146"]
[PlyCount "82"]
[EventDate "2006.10.15"]
[EventType "team"]
[EventRounds "11"]
[EventCountry "CZE"]
[SourceTitle "EXT 2008"]
[Source "ChessBase"]
[SourceDate "2007.11.25"]
[SourceVersion "1"]
[SourceVersionDate "2007.11.25"]
[SourceQuality "1"]
[WhiteTeam "Mlada Boleslav"]
[BlackTeam "AVE Kontakt"]
[WhiteTeamCountry "CZE"]
[BlackTeamCountry "CZE"]

1. d4 Nf6 2. Nf3 e6 3. c4 Bb4+ 4. Nbd2 b6 5. g3 Bb7 6. Bg2 0-0 7. 0-0 d5 8. Ne5 Nbd7 9. Ndf3 Bd6 10. Bg5 h6 11. Nxd7 Qxd7 12. Bxf6 gxf6 13. Nd2 c6 14. e4 Bb4 15. Qg4+ Kh7 16. Rfd1 Bxd2 17. Rxd2 dxc4 18. d5 f5 19. Qf4 cxd5 20. exd5 Bxd5 21. Qxc4 Qc8 22. Bxd5 exd5 23. Qxd5 Qe6 24. Qxe6 fxe6 25. Re1 Rad8 26. Rxd8 Rxd8 27. Rxe6 Rd2 28. Re7+ Kg6 29. Rxa7 Rxb2 30. a4 Kg5 31. Kg2 Rb4 32. Ra6 Rb2 33. h4+ Kg4 34. a5 f4 35. Rxb6 f3+ 36. Kf1 Ra2 37. Ke1 Re2+ 38. Kf1 Ra2 39. Kg1 Kh3 40. Rb1 Rxa5 41. Kf1 Ra2 1/2-1/2

[Event "CZE-chT2c 0607"]
[Site "Czech Republic"]
[Date "2006.12.03"]
[Round "4.2"]
[White "Danes, Jaroslav"]
[Black "Zeinert, Michal"]
[Result "0-1"]
[WhiteElo "2184"]
[BlackElo "2146"]
[PlyCount "52"]
[EventDate "2006.10.15"]
[EventType "team"]
[EventRounds "11"]
[EventCountry "CZE"]
[SourceTitle "EXT 2008"]
[Source "ChessBase"]
[SourceDate "2007.11.25"]
[SourceVersion "1"]
[SourceVersionDate "2007.11.25"]
[SourceQuality "1"]
[WhiteTeam "Liberec"]
[BlackTeam "AVE Kontakt"]
[WhiteTeamCountry "CZE"]
[BlackTeamCountry "CZE"]

1. e4 c5 2. Nf3 e6 3. d4 cxd4 4. Nxd4 a6 5. Bd3 Nc6 6. Nxc6 dxc6 7. 0-0 e5 8. Nc3 Nf6 9. a4 Bc5 10. Bg5 h6 11. Bh4 0-0 12. h3 Be6 13. Qe2 Qd7 14. Bxf6 gxf6 15. Qf3 Kh7 16. Qxf6 Rg8 17. Kh2 Rg6 18. Qf3 Rag8 19. Rg1 Qc7 20. Nd1 f5 21. Ne3 Bxe3 22. Qxe3 f4 23. Qd2 Qg7 24. Bf1 Bxh3 25. Kxh3 Rg3+ 26. Kh2 Qg4 0-1

[Event "CZE-chT2c 0607"]
[Site "Czech Republic"]
[Date "2006.11.05"]
[Round "2.4"]
[White "Stastny, Jan"]
[Black "Zeinert, Michal"]
[Result "1-0"]
[WhiteElo "2235"]
[BlackElo "2146"]
[PlyCount "81"]
[EventDate "2006.10.15"]
[EventType "team"]
[EventRounds "11"]
[EventCountry "CZE"]
[SourceTitle "EXT 2008"]
[Source "ChessBase"]
[SourceDate "2007.11.25"]
[SourceVersion "1"]
[SourceVersionDate "2007.11.25"]
[SourceQuality "1"]
[WhiteTeam "Polabiny II"]
[BlackTeam "AVE Kontakt"]
[WhiteTeamCountry "CZE"]
[BlackTeamCountry "CZE"]

1. e4 c5 2. Nf3 e6 3. d4 cxd4 4. Nxd4 a6 5. Bd3 Nc6 6. Be3 Nf6 7. 0-0 d5 8. Nxc6 bxc6 9. e5 Nd7 10. f4 Bc5 11. Bxc5 Nxc5 12. Kh1 Nxd3 13. cxd3 Qb6 14. Qc2 0-0 15. Nc3 Bd7 16. Na4 Qa7 17. Nc5 Rab8 18. b3 Rb5 19. Rac1 Rc8 20. d4 Be8 21. g4 Rb4 22. Qd2 a5 23. f5 Qe7 24. f6 Qf8 25. fxg7 Qxg7 26. Rf6 Ra8 27. Rcf1 Ra7 28. Qf4 Re7 29. Rf3 Rb5 30. Rh3 Rxc5 31. dxc5 Rb7 32. a3 Rb5 33. b4 Rb8 34. Rh5 Kf8 35. Rxe6 axb4 36. axb4 Ra8 37. Rf6 Ra1+ 38. Kg2 Ra2+ 39. Kh3 Re2 40. Rg5 Qh8 41. e6 1-0

[Event "Usti nad Orlici op"]
[Site "Usti nad Orlici"]
[Date "2006.05.04"]
[Round "7"]
[White "Vrana, Frantisek"]
[Black "Zeinert, Michal"]
[Result "1-0"]
[WhiteElo "2409"]
[BlackElo "2134"]
[PlyCount "71"]
[EventDate "2006.04.29"]
[EventType "swiss"]
[EventRounds "9"]
[EventCountry "CZE"]
[SourceTitle "CBM 112 Extra"]
[Source "ChessBase"]
[SourceDate "2006.07.14"]
[SourceVersion "1"]
[SourceVersionDate "2006.07.14"]
[SourceQuality "1"]

1. e4 c5 2. Nf3 e6 3. d3 Nc6 4. g3 g6 5. Bg2 Bg7 6. c3 Nge7 7. h4 d5 8. Qe2 d4 9. h5 h6 10. hxg6 Nxg6 11. c4 e5 12. Nh4 Nxh4 13. Rxh4 Be6 14. Bh3 Bxh3 15. Rxh3 Qd7 16. Rh5 0-0-0 17. Nd2 Rdf8 18. a3 b6 19. Rb1 f5 20. exf5 Rxf5 21. Ne4 Rxh5 22. Qxh5 Rf8 23. Bd2 Kb8 24. b4 cxb4 25. axb4 Ne7 26. b5 Rf5 27. Qh3 Nc8 28. Ke2 Qf7 29. Rh1 h5 30. Bg5 Bf8 31. Qxh5 Qc7 32. Bd8 Qd7 33. Qg4 Nd6 34. Rh8 Qf7 35. Be7 Qxe7 36. Nxd6 1-0

[Event "CZE-chT U18 0506"]
[Site "Czech Republic"]
[Date "2006.04.22"]
[Round "9.1"]
[White "Simunek, Filip"]
[Black "Zeinert, Michal"]
[Result "0-1"]
[WhiteElo "2073"]
[BlackElo "2092"]
[PlyCount "74"]
[EventDate "2005.10.08"]
[EventType "team"]
[EventRounds "11"]
[EventCountry "CZE"]
[SourceTitle "EXT 2009"]
[Source "ChessBase"]
[SourceDate "2008.11.26"]
[SourceVersion "1"]
[SourceVersionDate "2008.11.26"]
[SourceQuality "1"]
[WhiteTeam "Plzen"]
[BlackTeam "Ceska Trebova"]
[WhiteTeamCountry "CZE"]
[BlackTeamCountry "CZE"]

1. d4 Nf6 2. Nf3 g6 3. c4 d5 4. cxd5 Bg7 5. g3 0-0 6. Bg2 Nxd5 7. 0-0 c6 8. e4 Nb6 9. Nc3 Bg4 10. Ne2 e5 11. Bg5 f6 12. Be3 N8d7 13. Qb3+ Kh8 14. h3 Bxf3 15. Bxf3 Qe7 16. a4 exd4 17. Bxd4 Ne5 18. Bg2 c5 19. Bc3 Rad8 20. Nf4 c4 21. Qb5 Qd7 22. Qxd7 Rxd7 23. a5 Nc8 24. Ne6 Re8 25. Nxg7 Kxg7 26. f4 Nd3 27. a6 b5 28. e5 b4 29. exf6+ Kf7 30. Bc6 bxc3 31. Bxd7 Rd8 32. Ba4 cxb2 33. Ra2 c3 34. Ra3 Nc1 35. Bc2 Rd2 36. Bb1 c2 37. Bxc2 Rxc2 0-1

[Event "CZE-chT U18 0506"]
[Site "Czech Republic"]
[Date "2006.04.22"]
[Round "10.1"]
[White "Zeinert, Michal"]
[Black "Ruzicka, Ales"]
[Result "1-0"]
[WhiteElo "2092"]
[BlackElo "1907"]
[PlyCount "87"]
[EventDate "2005.10.08"]
[EventType "team"]
[EventRounds "11"]
[EventCountry "CZE"]
[SourceTitle "EXT 2009"]
[Source "ChessBase"]
[SourceDate "2008.11.26"]
[SourceVersion "1"]
[SourceVersionDate "2008.11.26"]
[SourceQuality "1"]
[WhiteTeam "Ceska Trebova"]
[BlackTeam "Tabor"]
[WhiteTeamCountry "CZE"]
[BlackTeamCountry "CZE"]

1. c4 Nf6 2. Nc3 g6 3. g3 Bg7 4. Bg2 0-0 5. Rb1 d6 6. d3 e5 7. Nf3 Nc6 8. 0-0 Ne8 9. b4 f5 10. Qc2 Nf6 11. b5 Ne7 12. a4 Nh5 13. a5 Rb8 14. b6 cxb6 15. axb6 a6 16. Bg5 Nf6 17. c5 h6 18. Bc1 Nc6 19. Qa2+ d5 20. Nh4 Ne7 21. e4 Be6 22. Nxd5 Nfxd5 23. exd5 Bf7 24. d4 g5 25. dxe5 Bxe5 26. Qe2 Bd4 27. d6 Nd5 28. Nxf5 Qf6 29. Bxd5 Qxf5 30. Bxf7+ Rxf7 31. Be3 Bxc5 32. Bxc5 Qxc5 33. Qe6 Rd8 34. Rbd1 Kg7 35. Rd2 Qxb6 36. Rc1 Rfd7 37. Rc8 Rf7 38. h4 Rfd7 39. h5 a5 40. Qg6+ Kf8 41. Qxh6+ Kf7 42. Qg6+ Kf8 43. Qf6+ Kg8 44. Qxg5+ 1-0

[Event "CZE-chT U18 0506"]
[Site "Czech Republic"]
[Date "2006.01.28"]
[Round "7.1"]
[White "Zeinert, Michal"]
[Black "Ponizil, Cyril"]
[Result "1/2-1/2"]
[WhiteElo "2092"]
[BlackElo "2181"]
[PlyCount "75"]
[EventDate "2005.10.08"]
[EventType "team"]
[EventRounds "11"]
[EventCountry "CZE"]
[SourceTitle "EXT 2009"]
[Source "ChessBase"]
[SourceDate "2008.11.26"]
[SourceVersion "1"]
[SourceVersionDate "2008.11.26"]
[SourceQuality "1"]
[WhiteTeam "Ceska Trebova"]
[BlackTeam "Zlin"]
[WhiteTeamCountry "CZE"]
[BlackTeamCountry "CZE"]

1. c4 Nf6 2. Nc3 g6 3. g3 Bg7 4. Bg2 0-0 5. d3 c6 6. e4 d6 7. Nf3 e5 8. 0-0 Na6 9. Rb1 Nc7 10. b4 Re8 11. Re1 Bg4 12. h3 Be6 13. b5 Qd7 14. Kh2 Nh5 15. Ng5 c5 16. b6 axb6 17. Rxb6 h6 18. Nxe6 Nxe6 19. Qb3 Reb8 20. Be3 Nd8 21. Nd5 Nf6 22. Nxf6+ Bxf6 23. Bxh6 Nc6 24. Bd2 Bd8 25. Rb5 Nd4 26. Qb2 Nxb5 27. cxb5 Qe6 28. Ra1 Ra4 29. h4 Rba8 30. Bh3 Qf6 31. Be3 Qg7 32. a3 c4 33. dxc4 Rxc4 34. Qd2 Qf6 35. Qd5 Rc3 36. a4 Qe7 37. b6 Rc6 38. Qb3 1/2-1/2

[Event "CZE-chT U18 0506"]
[Site "Czech Republic"]
[Date "2006.??.??"]
[Round "?"]
[White "Kratochvil, Milan"]
[Black "Zeinert, Michal"]
[Result "0-1"]
[WhiteElo "1787"]
[BlackElo "2092"]
[PlyCount "60"]
[EventDate "2005.10.08"]
[EventType "team"]
[EventRounds "11"]
[EventCountry "CZE"]
[SourceTitle "EXT 2009"]
[Source "ChessBase"]
[SourceDate "2008.11.26"]
[SourceVersion "1"]
[SourceVersionDate "2008.11.26"]
[SourceQuality "1"]
[WhiteTeam "Brno"]
[BlackTeam "Ceska Trebova"]
[WhiteTeamCountry "CZE"]
[BlackTeamCountry "CZE"]

1. e4 c5 2. c3 Nf6 3. e5 Nd5 4. d4 cxd4 5. cxd4 e6 6. Nf3 b6 7. Nc3 Nxc3 8. bxc3 Qc7 9. Bd2 d6 10. Bd3 Nd7 11. Qe2 Bb7 12. 0-0 dxe5 13. Nxe5 Nxe5 14. dxe5 0-0-0 15. Rfd1 Bc5 16. Be4 Bxe4 17. Qxe4 Qb7 18. Qe2 Rd5 19. c4 Rd4 20. Be1 Qe4 21. Qxe4 Rxe4 22. Bc3 Rxc4 23. Rac1 Rd8 24. Rxd8+ Kxd8 25. Bd2 Rxc1+ 26. Bxc1 Bd4 27. Bf4 Kc7 28. Kf1 Kc6 29. Bg3 Kd5 30. f4 Ke4 0-1

[Event "CZE-chT U18 0506"]
[Site "Czech Republic"]
[Date "2006.??.??"]
[Round "?"]
[White "Plat, Vojtech"]
[Black "Zeinert, Michal"]
[Result "1-0"]
[WhiteElo "1945"]
[BlackElo "2092"]
[PlyCount "59"]
[EventDate "2005.10.08"]
[EventType "team"]
[EventRounds "11"]
[EventCountry "CZE"]
[SourceTitle "EXT 2009"]
[Source "ChessBase"]
[SourceDate "2008.11.26"]
[SourceVersion "1"]
[SourceVersionDate "2008.11.26"]
[SourceQuality "1"]
[WhiteTeam "Stare Mesto"]
[BlackTeam "Ceska Trebova"]
[WhiteTeamCountry "CZE"]
[BlackTeamCountry "CZE"]

1. e4 c5 2. Nf3 e6 3. d4 cxd4 4. Nxd4 a6 5. Be2 Nf6 6. e5 Qa5+ 7. Nc3 Qxe5 8. 0-0 Nc6 9. Nf3 Qc7 10. Bg5 Be7 11. Qd2 0-0 12. Rad1 d5 13. Rfe1 b5 14. a3 Rd8 15. Qc1 Bb7 16. Bh4 Rac8 17. Bd3 b4 18. axb4 Nxb4 19. Nd4 Nxd3 20. Rxd3 Ne4 21. Bg3 Nxg3 22. Rxg3 Bf6 23. Qd2 e5 24. Nf5 d4 25. Qh6 Kf8 26. Rxg7 Bxg7 27. Qxg7+ Ke8 28. Rxe5+ Kd7 29. Re7+ Kc6 30. Qf6+ 1-0

[Event "Liberec op"]
[Site "Liberec"]
[Date "2005.10.26"]
[Round "5"]
[White "Forman, Stepan"]
[Black "Zeinert, Michal"]
[Result "1-0"]
[WhiteElo "2283"]
[BlackElo "2113"]
[PlyCount "65"]
[EventDate "2005.10.22"]
[EventType "swiss"]
[EventRounds "9"]
[EventCountry "CZE"]
[SourceTitle "EXT 2006"]
[Source "ChessBase"]
[SourceDate "2005.11.24"]
[SourceVersion "1"]
[SourceVersionDate "2005.11.24"]
[SourceQuality "1"]

1. Nf3 c5 2. b3 Nf6 3. Bb2 d5 4. e3 Bg4 5. h3 Bh5 6. Be2 e6 7. Ne5 Bxe2 8. Qxe2 Nc6 9. Nxc6 bxc6 10. d3 Qc7 11. Nd2 Bd6 12. f4 e5 13. e4 0-0-0 14. 0-0-0 Rhe8 15. f5 a5 16. g4 Nd7 17. g5 g6 18. Qg4 Kb8 19. h4 Nb6 20. h5 a4 21. hxg6 hxg6 22. Rh7 Re7 23. Nf3 axb3 24. axb3 c4 25. dxc4 dxc4 26. Kb1 c5 27. fxg6 cxb3 28. cxb3 c4 29. g7 cxb3 30. Qg2 Qa7 31. Bxe5 Rxe5 32. Rxd6 Rc8 33. Nxe5 1-0